[Event "Hasselbacken Open 2018"]
[Site "Stockholm"]
[Date "2018.11.02"]
[Round "1"]
[White "Agdestein, Simen"]
[Black "Friebe, Jimmy"]
[Result "1-0"]
[WhiteElo "2574"]
[BlackElo "1943"]
[Annotator "TA"]
[PlyCount "41"]
[EventDate "2018.11.02"]
[EventCountry "SWE"]
[SourceTitle "playchess.com"]
[Source "ChessBase"]
[SourceQuality "1"]

{[%evp 17,41,41,68,75,80,43,52,60,65,50,100,75,270,195,442,437,652,650,650,646,627,631,587,487,457,471]} 1. e4 d6 2. d4 Nf6 3. Nc3 Nbd7 4. Nf3 e5 5. Bc4 Be7 6. O-O c6 7. a4 a5 {C41: Philidor-Verteidigung} 8. Re1 Qc7 (8... O-O 9. h3 Qc7 10. Be3 Nb6 11. Ba2 Nfd7 12. Qe2 Bf6 13. d5 Be7 14. Rad1 Nf6 15. Nd2 Bd7 16. Nc4 Nxc4 17. Qxc4 Rac8 18. Qb3 cxd5 {1-0 (80) Howell,D (2644)-Maghsoodloo,P (2584) Doha 2016}) 9. h3 h6 {LiveBook: 5 Partien. Weiß steht etwas besser.} 10. Be3 Nf8 11. Qb1 $146 ({Vorgänger:} 11. Ba2 Rh7 12. Nh4 g6 13. Qd3 Ng4 14. Nxg6 Nxg6 15. hxg4 Bxg4 {1-0 (53) Mussanti,D (2307)-Torres,F (2159) Montevideo 2018}) 11... g5 12. Qa2 Rh7 13. Qb3 Ng6 14. dxe5 Nd7 $2 (14... dxe5 $16 {ist eine bessere Verteidigung.} 15. Bb6 Qb8) 15. exd6 Bxd6 $2 {[#]} (15... Qxd6 16. Rad1 Qb4) 16. e5 $1 $18 {[%mdl 512] Weiß steht klar auf Gewinn.} Be7 (16... Ngxe5 $142 17. Nxe5 Bxe5) (16... Bxe5 17. Nxe5) 17. e6 fxe6 18. Bxe6 Kf8 19. Rad1 Nf6 20. Bxc8 Qxc8 21. Nd4 {Precision: Weiß = 74%, Schwarz = 30%.} ({Bloß nicht} 21. Bd4 Nd7 $18) 1-0

[Event "Hasselbacken Open 2018"]
[Site "Stockholm"]
[Date "2018.11.02"]
[Round "1"]
[White "Lyrberg, Patrik"]
[Black "Bytar, Peter"]
[Result "1-0"]
[WhiteElo "2440"]
[BlackElo "1933"]
[Annotator "TA"]
[PlyCount "71"]
[EventDate "2018.11.02"]
[EventCountry "SWE"]
[SourceTitle "playchess.com"]
[Source "ChessBase"]
[SourceQuality "1"]

{[%evp 16,71,0,16,-5,-16,-18,-23,29,37,64,64,85,66,80,62,79,57,86,57,95,0,71,73,98,93,152,158,156,25,35,26,205,189,212,216,271,274,286,160,197,188,191,183,173,144,292,296,298,302,437,365,719,724,29979,29980,29977,29979]} 1. d4 g6 2. c4 Bg7 3. Nc3 d6 4. e4 Nf6 5. Be2 O-O 6. Be3 c5 7. d5 e6 8. h3 {E73: King's Indian: Averbakh Variation without 6...c5} (8. Nf3 exd5 9. cxd5 Re8 10. Nd2 c4 11. O-O Na6 12. Bf3 b6 13. Re1 Nc5 14. Bxc5 bxc5 15. e5 Rxe5 16. Rxe5 dxe5 17. Nxc4 {½-½ (23) Howell,D (2687)-Jones,G (2670) Hull 2018}) 8... exd5 9. exd5 {LiveBook: 3 Games} Re8 10. Qd2 {The position is equal.} Nbd7 11. Nf3 a6 (11... b5 $142) 12. O-O $11 Nf8 $146 ({Predecessor:} 12... Ne5 13. Nh2 Bf5 14. g4 Bc8 15. f4 Ned7 {1-0 (45) Johansson,J (2122)-Kvamme,I (1444) Reykjavik 2017}) 13. Bd3 Qc7 14. a3 Bd7 15. b4 b6 16. Rab1 Rab8 17. Bf4 Rbd8 18. g4 (18. Rfc1 $16) 18... Bc8 (18... Qc8 $11 {keeps the balance.}) 19. Rfe1 $36 {[%mdl 2048] White is really pushing.} h5 20. g5 N6h7 (20... Rxe1+ $142 21. Rxe1 Ne8) 21. Rxe8 Rxe8 22. Kg2 (22. Ne4 $16 {aiming for bxc5.} Rd8 23. h4) 22... Qd7 $11 23. Rh1 {[#] Strongly threatening Ne4.} Qe7 $2 (23... cxb4 $1 $11 {and Black stays safe.} 24. axb4 b5) 24. Ne4 $18 Rd8 25. Re1 Qc7 26. bxc5 bxc5 27. Re3 (27. Bg3 $18) 27... Qd7 28. Nh4 (28. Bxd6 Qxh3+ 29. Kg1 Qg4+ 30. Kf1 Bf5 $14) 28... Bd4 29. Rf3 ({Stronger than} 29. Bxd6 Nxg5 30. Nxg5 Bxe3 $15) (29. Nxd6 $6 Qc7 $11) 29... Qc7 30. Bh2 Be5 (30... Qe7 $16 {was necessary.} 31. Bf4 Qc7) 31. Bxe5 dxe5 32. Qe3 Nd7 (32... Bb7 $142 33. Nxc5 (33. Qxc5 Qxc5 34. Nxc5 Bxd5 $18) 33... Re8) 33. Nf6+ Nhxf6 $2 (33... Ndxf6 34. gxf6 e4 35. Bxe4 Qe5 36. Bxg6 Qxe3 37. Bxh7+ (37. fxe3 fxg6 38. Nxg6 Ng5 $11) 37... Kxh7 38. Rxe3 Kh6) 34. gxf6 Qd6 {[#]} 35. Nxg6 $1 {[%mdl 512]} Nxf6 (35... fxg6 36. Qh6) 36. Qh6 {Precision: White = 55%, Black = 30%.} 1-0

[Event "Hasselbacken Open 2018"]
[Site "Stockholm"]
[Date "2018.11.02"]
[Round "1"]
[White "Lindberg, Bengt"]
[Black "Falkevall, Axel"]
[Result "1-0"]
[WhiteElo "2401"]
[BlackElo "1928"]
[Annotator "NA"]
[PlyCount "64"]
[EventDate "2018.11.02"]
[EventCountry "SWE"]
[SourceTitle "playchess.com"]
[Source "ChessBase"]
[SourceQuality "1"]
[TimeControl "900+5"]

1. e4 {[%emt 0:00:00]} e6 {[%emt 0:00:00]} 2. d4 {[%emt 0:00:03]} d5 {[%emt 0:00:00]} 3. Nc3 {[%emt 0:00:02]} Bb4 {[%emt 0:00:01]} 4. e5 {[%emt 0:00:03]} c5 {[%emt 0:00:02]} 5. a3 {[%emt 0:00:02]} Bxc3+ {[%emt 0:00:03]} 6. bxc3 {[%emt 0:00:03]} Ne7 {[%emt 0:00:02] LiveBook: 7888 Games} 7. h4 {[%emt 0:00:02]} Bd7 {[%emt 0:00:07]} 8. h5 {[%emt 0:00:30] C18: French: 3 Nc3 Bb4: Main line: 7 h4 and 7 Qg4} (8. a4 Qa5 9. Bd2 c4 10. h5 h6 11. Rh3 Bxa4 12. Bc1 Nbc6 13. Qd2 b5 14. Ba3 Kd7 15. Rf3 Raf8 {1-0 (51) Kulaots,K (2588)-Dann,M (2493) Karlsruhe 2017}) 8... h6 {[%emt 0:00:19]} 9. Rh4 {[%emt 0:00:32]} Nf5 {[%emt 0:01:11]} 10. Rf4 {[%emt 0:00:10]} Nc6 {[%emt 0:01:10]} 11. Nf3 $146 {[%emt 0:00:08]} ({Predecessor:} 11. g4 Nh4 12. Nf3 Nxf3+ 13. Qxf3 Qb6 14. Qe3 Rc8 15. Bd3 a5 {1-0 (43) Cuellar Elisvan,D (2350)-Nino,J (2093) Bogota 2013}) 11... Qc7 {[%emt 0:00:55]} 12. g4 {[%emt 0:00:16]} Nfe7 {[%emt 0:00:05]} 13. Bd3 {[%emt 0:00:48]} c4 {[%emt 0:00:18]} 14. Bf1 {[%emt 0:00:23]} Rf8 {[%emt 0:02:04]} 15. a4 {[%emt 0:00:23]} O-O-O {[%emt 0:00:15]} 16. Ba3 {[%emt 0:04:24]} f6 $11 {[%emt 0:00:11]} 17. Bd6 {[%emt 0:00:03]} Qa5 {[%emt 0:00:03]} 18. Qd2 {[%emt 0:00:18]} fxe5 {[%emt 0:00:25]} 19. Rxf8 {[%emt 0:00:02]} Rxf8 {[%emt 0:00:07]} 20. Nxe5 {[%emt 0:00:03]} Nxe5 {[%emt 0:01:23]} 21. dxe5 {[%emt 0:00:08]} Rf7 {[%emt 0:00:17]} 22. f4 {[%emt 0:01:27]} Nc6 {[%emt 0:00:50]} 23. Bg2 {[%emt 0:00:55]} Qd8 {[%emt 0:01:49]} 24. Qf2 {[%emt 0:00:45]} Qa5 {[%emt 0:00:26]} 25. Ra3 {[%emt 0:00:15]} b5 {[%emt 0:01:07]} 26. f5 {[%emt 0:00:45]} b4 {[%emt 0:00:21]} 27. cxb4 {[%emt 0:00:49]} Nxb4 {[%emt 0:00:05]} 28. Kd1 {[%emt 0:00:02]} Bc6 {[%emt 0:02:18]} 29. Qd2 {[%emt 0:00:46]} c3 {[%emt 0:00:33]} 30. Rxc3 {[%emt 0:00:25]} d4 {[%emt 0:00:37]} 31. Qxd4 {[%emt 0:00:27]} Qa6 {[%emt 0:00:25]} 32. Qxb4 {[%emt 0:00:13]} Rb7 {[%emt 0:00:11]} 1-0

[Event "Hasselbacken Open 2018"]
[Site "Stockholm"]
[Date "2018.11.02"]
[Round "1"]
[White "Lindgren, Philip"]
[Black "Ranby, Hans"]
[Result "1-0"]
[WhiteElo "2374"]
[BlackElo "1925"]
[Annotator "NA"]
[PlyCount "75"]
[EventDate "2018.11.02"]
[EventCountry "SWE"]
[SourceTitle "playchess.com"]
[Source "ChessBase"]
[SourceQuality "1"]
[TimeControl "900+5"]

1. d4 {[%emt 0:00:00]} Nf6 {[%emt 0:00:00]} 2. c4 {[%emt 0:00:01]} e6 {[%emt 0:00:02]} 3. Nf3 {[%emt 0:00:05]} b6 {[%emt 0:00:04]} 4. g3 {[%emt 0:00:05]} Bb7 {[%emt 0:00:05]} 5. Bg2 {[%emt 0:00:04]} c5 {[%emt 0:00:22]} 6. d5 {[%emt 0:00:30]} exd5 {[%emt 0:00:10]} 7. Nh4 {[%emt 0:00:12]} Be7 {[%emt 0:00:38]} 8. Nc3 {[%emt 0:00:51]} O-O {[%emt 0:00:45]} 9. Nf5 {[%emt 0:01:12]} d6 $14 {[%emt 0:00:19]} 10. O-O {[%emt 0:01:59]} Nc6 {[%emt 0:00:33]} 11. cxd5 {[%emt 0:01:02]} Ne5 {[%emt 0:00:15]} 12. f4 {[%emt 0:01:14]} Ng6 {[%emt 0:00:26]} 13. e4 {[%emt 0:00:07]} Re8 {[%emt 0:00:44]} 14. Nxe7+ {[%emt 0:00:38]} Qxe7 {[%emt 0:00:11]} 15. Qf3 {[%emt 0:00:51]} Rad8 {[%emt 0:01:16]} 16. Bd2 Qc7 {[%emt 0:00:30]} 17. Rae1 {[%emt 0:00:54]} Ba6 {[%emt 0:00:44]} 18. Rf2 {[%emt 0:00:11]} b5 {[%emt 0:00:04]} 19. h3 {[%emt 0:02:20]} Qb6 {[%emt 0:00:48]} 20. Kh2 {[%emt 0:00:06]} b4 {[%emt 0:00:15]} 21. Nd1 {[%emt 0:00:37]} Rc8 {[%emt 0:00:26]} 22. b3 {[%emt 0:01:21]} c4 {[%emt 0:00:30]} 23. Be3 {[%emt 0:01:36]} Qb7 {[%emt 0:00:18]} 24. Bd4 {[%emt 0:00:31]} Nxd5 {[%emt 0:00:41]} 25. e5 {[%emt 0:00:13]} dxe5 {[%emt 0:00:28]} 26. fxe5 {[%emt 0:00:04]} Rcd8 {[%emt 0:00:24]} 27. bxc4 {[%emt 0:00:13]} Bxc4 {[%emt 0:00:13]} 28. Ne3 {[%emt 0:00:07]} Qb5 {[%emt 0:00:27]} 29. Qxf7+ {[%emt 0:00:09]} Kh8 {[%emt 0:00:06]} 30. e6 {[%emt 0:00:05]} Rg8 {[%emt 0:01:06]} 31. Nf5 {[%emt 0:00:01]} Nf6 {[%emt 0:02:26]} 32. Bxf6 {[%emt 0:00:03]} Qxf5 {[%emt 0:00:02]} 33. Rxf5 {[%emt 0:00:05]} Rd2 {[%emt 0:00:14]} 34. Ba1 {[%emt 0:00:08]} Bd5 {[%emt 0:00:16]} 35. Rxd5 {[%emt 0:00:06]} Rxa2 {[%emt 0:00:07]} 36. Rd7 {[%emt 0:00:06]} Rxa1 {[%emt 0:00:23]} 37. Rxa1 {[%emt 0:00:02]} Ne5 {[%emt 0:00:02]} 38. Qxg8+ {[%emt 0:00:04]} 1-0

[Event "Hasselbacken Open 2018"]
[Site "Stockholm"]
[Date "2018.11.02"]
[Round "1"]
[White "Schneider, Stefan"]
[Black "Kahtan, Mohamed"]
[Result "1-0"]
[WhiteElo "2365"]
[BlackElo "1912"]
[Annotator "NA"]
[PlyCount "117"]
[EventDate "2018.11.02"]
[EventCountry "SWE"]
[SourceTitle "playchess.com"]
[Source "ChessBase"]
[SourceQuality "1"]
[TimeControl "900+5"]

1. d4 {[%emt 0:00:27]} d5 {[%emt 0:00:00]} 2. c4 {[%emt 0:00:04]} e6 {[%emt 0:00:04]} 3. Nc3 {[%emt 0:00:03]} Nf6 {[%emt 0:00:03]} 4. cxd5 {[%emt 0:00:04]} exd5 {[%emt 0:00:03]} 5. Bg5 c6 {[%emt 0:00:04]} 6. e3 {[%emt 0:00:07]} Be7 {[%emt 0:00:03]} 7. Bd3 {[%emt 0:00:10]} h6 {[%emt 0:00:05]} 8. Bh4 {[%emt 0:00:04]} Nbd7 {[%emt 0:00:24]} 9. Qc2 {[%emt 0:00:15]} O-O {[%emt 0:00:06]} 10. Nge2 {[%emt 0:01:29]} Re8 {[%emt 0:00:05]} 11. O-O {[%emt 0:00:04]} Nf8 {[%emt 0:00:17]} 12. Rae1 {[%emt 0:00:25]} Qc7 {[%emt 0:00:56]} 13. Bxf6 {[%emt 0:00:18]} Bxf6 {[%emt 0:00:08]} 14. Nxd5 {[%emt 0:00:04]} Qd6 {[%emt 0:00:03]} 15. Nxf6+ {[%emt 0:00:07]} Qxf6 {[%emt 0:00:02]} 16. Ng3 {[%emt 0:00:24]} Ne6 {[%emt 0:00:22]} 17. Ne4 {[%emt 0:00:56]} Qe7 {[%emt 0:00:04]} 18. Rc1 {[%emt 0:00:21]} Bd7 {[%emt 0:00:05]} 19. Nc5 {[%emt 0:00:33]} Nxc5 {[%emt 0:00:08]} 20. Qxc5 {[%emt 0:00:04]} Qf6 {[%emt 0:00:06]} 21. Rfe1 {[%emt 0:00:54]} Rad8 {[%emt 0:00:44]} 22. Qxa7 {[%emt 0:01:08]} Bc8 {[%emt 0:00:02]} 23. Red1 {[%emt 0:01:30]} Rd5 {[%emt 0:00:05]} 24. Rc5 {[%emt 0:00:13]} Red8 {[%emt 0:00:27]} 25. Rxd5 {[%emt 0:00:13]} Rxd5 {[%emt 0:00:03]} 26. Qb8 {[%emt 0:00:08]} Rd8 {[%emt 0:00:20]} 27. Qe5 {[%emt 0:00:45]} Qxe5 {[%emt 0:00:59]} 28. dxe5 {[%emt 0:00:02]} Bf5 {[%emt 0:00:29]} 29. Bc2 {[%emt 0:00:50]} Rxd1+ {[%emt 0:00:06]} 30. Bxd1 {[%emt 0:00:01]} Kf8 {[%emt 0:00:01]} 31. f4 {[%emt 0:00:38]} Ke7 {[%emt 0:00:03]} 32. Kf2 {[%emt 0:00:04]} Be4 {[%emt 0:00:05]} 33. Bb3 {[%emt 0:00:12]} g5 {[%emt 0:00:21]} 34. g3 {[%emt 0:00:08]} c5 {[%emt 0:00:14]} 35. Bc4 {[%emt 0:00:24]} g4 {[%emt 0:00:25]} 36. Ke2 {[%emt 0:00:48]} Bc6 {[%emt 0:00:56]} 37. a3 {[%emt 0:00:25]} b5 {[%emt 0:00:06]} 38. Bd3 {[%emt 0:00:03]} Ke6 {[%emt 0:00:16]} 39. e4 {[%emt 0:00:04]} c4 {[%emt 0:00:11]} 40. Bc2 {[%emt 0:00:02]} h5 {[%emt 0:01:48]} 41. Ke3 {[%emt 0:00:01]} Be8 {[%emt 0:00:03]} 42. Kd4 {[%emt 0:00:03]} Bc6 {[%emt 0:00:12]} 43. Bd1 {[%emt 0:00:10]} Bd7 {[%emt 0:00:16]} 44. Be2 {[%emt 0:00:02]} Bc6 {[%emt 0:00:05]} 45. Bf1 {[%emt 0:00:09]} Bd7 {[%emt 0:00:04]} 46. f5+ {[%emt 0:00:33]} Ke7 {[%emt 0:00:01]} 47. Kc5 {[%emt 0:00:04]} Be8 {[%emt 0:00:03]} 48. Be2 {[%emt 0:00:04]} Bd7 {[%emt 0:00:01]} 49. Bf1 {[%emt 0:00:09]} Be8 {[%emt 0:00:02]} 50. Bg2 {[%emt 0:00:14]} Bd7 {[%emt 0:00:01]} 51. Kd4 {[%emt 0:00:01]} Be8 {[%emt 0:00:04]} 52. Bf1 {[%emt 0:00:01]} Bd7 {[%emt 0:00:02]} 53. Be2 {[%emt 0:00:02]} Be8 {[%emt 0:00:02]} 54. Bd1 {[%emt 0:00:09]} Bd7 {[%emt 0:00:02]} 55. Bc2 {[%emt 0:00:04]} Be8 {[%emt 0:00:01]} 56. a4 {[%emt 0:00:10]} bxa4 {[%emt 0:00:05]} 57. Kxc4 {[%emt 0:00:03]} Bc6 {[%emt 0:00:11]} 58. Kc5 {[%emt 0:00:03]} Bd7 {[%emt 0:00:05]} 59. Bd3 {[%emt 0:00:03]} 1-0

[Event "Hasselbacken Open 2018"]
[Site "Stockholm"]
[Date "2018.11.02"]
[Round "1"]
[White "Sjostrand, Joel"]
[Black "Cramling, Pia"]
[Result "0-1"]
[WhiteElo "1943"]
[BlackElo "2456"]
[Annotator "TA"]
[PlyCount "86"]
[EventDate "2018.11.02"]
[EventCountry "SWE"]
[SourceTitle "playchess.com"]
[Source "ChessBase"]
[SourceQuality "1"]

{[%evp 15,86,39,33,33,47,39,35,-350,-344,-349,-351,-348,-347,-344,-351,-359,-377,-371,-235,-220,-108,-113,-109,-108,-108,-108,-108,-108,-112,-108,-111,-102,-101,-115,-75,-71,-67,-68,-85,-80,-83,-166,-150,-218,0,-173,-130,-125,-113,-183,-186,-176,-181,-171,-125,-257,-256,-247,-220,-222,-219,-235,-217,-275,-272,-249,-229,-230,-215,-227,-198,-401,-413]} 1. c4 b6 2. Nc3 Bb7 3. e4 e6 4. g3 f5 5. Bg2 Nf6 6. d3 {A10: Abarten von Holländisch, Damenindisch, Königsindisch (ohne d2-d4)} fxe4 7. Nge2 Bc5 8. O-O O-O {LiveBook: 5 Partien} 9. Bg5 {[%cal Rc3e4]} Nc6 10. Nxe4 (10. d4 Be7 11. Bxf6 Bxf6 12. Nxe4 Kh8 {½-½ (39) Admiraal,M (2491)-David,A (2549) Belgium 2018}) 10... Be7 11. N2c3 $146 {[%mdl 8192] [#]} (11. Bxf6 $14 {behält die Oberhand.} Bxf6 12. d4) ({Vorgänger:} 11. N4c3 Na5 12. Bxb7 Nxb7 {1-0 (35) Doncea,V (2441)-Goossens,E (2278) Rhone 2008}) 11... Nxe4 $1 $19 12. Bxe7 Nxc3 ({Nicht} 12... Qxe7 13. Bxe4 Qc5 14. Qd2 $11) ({Schlechter ist} 12... Nxe7 13. dxe4 e5 14. Nd5 $14) 13. Bxd8 Nxd1 14. Bxc7 Nxb2 15. Rab1 Nxd3 16. Rfd1 Nxf2 ({Finger weg von} 16... Rxf2 17. Be4 $19) 17. Rxd7 Na5 (17... Ng4 $19 {und Schwarz behält klar die Oberhand. Und weiter mit ...Sf6 wäre nett.} 18. Bf4 e5 19. Rxb7 Nd4 20. Bd5+ Kh8) 18. Bxb7 $17 Nxb7 19. Be5 Nh3+ 20. Kg2 Rf7 21. Rxf7 Kxf7 22. Kxh3 {[%mdl 4096] Endspiel KTL-KTS} Rd8 23. Rf1+ Kg6 24. Rf4 h5 25. g4 Rd7 26. gxh5+ Kxh5 27. Rh4+ Kg6 28. Rh8 (28. Rg4+ $17 Kf5 29. Rxg7 Rxg7 30. Bxg7) 28... Kf5 29. Rh5+ (29. Bb8 $17 {war nötig.}) 29... Kg6 30. Rh8 $1 Nd8 31. Rg8 Nc6 32. Bb2 (32. Bg3 $17) 32... Na5 $19 33. Re8 Kf5 {[#] Weiss muss nun ...Td3+ beachten.} 34. Rf8+ Kg5 35. Rf3 (35. c5 $17) 35... Nxc4 36. Rg3+ Kh6 37. Bc1+ Kh7 38. Kg4 Ne5+ 39. Kg5 Nf7+ 40. Kf4 Rd4+ 41. Ke3 Rc4 42. Bb2 g5 43. h4 $2 (43. Rf3 Nh6 44. Kd3) 43... Rxh4 {Precision: Weiß = 33%, Schwarz = 57%.} 0-1

[Event "Hasselbacken Open 2018"]
[Site "Stockholm"]
[Date "2018.11.02"]
[Round "1"]
[White "Bernholdsson, Svante"]
[Black "Sjodahl, Pontus"]
[Result "0-1"]
[WhiteElo "1931"]
[BlackElo "2410"]
[Annotator "TA"]
[PlyCount "56"]
[EventDate "2018.11.02"]
[EventCountry "SWE"]
[SourceTitle "playchess.com"]
[Source "ChessBase"]
[SourceQuality "1"]

{[%evp 16,56,12,17,34,29,68,8,18,-12,21,0,0,-37,-38,-39,-53,-89,-86,-91,-88,-104,-108,-244,-266,-430,-425,-629,-615,-1223,-1194,-1032,-753,-29990,-29989,-29994,-843,-791,-624,-1124,-856,-1868,-1752]} 1. d4 Nf6 2. c4 e6 3. Nc3 Bb4 4. Nf3 O-O 5. Bg5 d5 6. e3 c5 {[%cal Bc7c5,Bc5c4][%mdl 32]} 7. cxd5 exd5 {D38: Queen's Gambit Declined: Ragozin Defence (4 Nf3 Bb4)} 8. Bd3 (8. dxc5 Nbd7 9. Rc1 Qa5 10. a3 Bxc3+ 11. Rxc3 Ne4 12. b4 Nxc3 13. Qa1 Qa4 14. Qxc3 a5 15. b5 Nxc5 16. Qxc5 Bf5 17. Qc3 Rfc8 {1-0 (37) Aronian,L (2792)-Nakamura,H (2787) Leuven 2016 CBM 173 [Iotov,V]}) 8... c4 9. Bc2 {LiveBook: 27 Games} Be6 {The position is equal.} 10. O-O Nbd7 11. Qe2 $146 (11. Ne5 $14) ({Predecessor:} 11. Ne2 b5 12. Ne5 Qb6 13. f4 {1-0 (42) Tejkal,J (1941)-Civin,D (1601) Ricany 2014}) 11... Qa5 $11 12. Rac1 Rfe8 13. Ne5 (13. Bxf6 $5 Nxf6 14. Ne5 $11) 13... Bxc3 14. bxc3 Nxe5 15. dxe5 Ne4 16. f4 Nxg5 ({But not} 16... Nxc3 17. Qh5 $15) 17. fxg5 Qc7 $36 {[%mdl 2048] Black is on the roll.} 18. Qh5 g6 ({Much weaker is} 18... Qxe5 $6 19. Qxh7+ Kf8 20. e4 $11) 19. Qh6 (19. Qf3 $17) 19... Qxe5 $19 20. Rce1 $2 {[#]} (20. Rfe1) 20... Qxc3 21. Bd1 (21. Ba4 $142 Re7 22. Qh4) 21... d4 22. exd4 Qxd4+ 23. Kh1 Bd5 {( -> ...Qf2!)} 24. Rxe8+ Rxe8 25. Qh3 {[#]} b5 (25... Qf2 $142 $1 {[%mdl 512]} 26. Be2 (26. Rxf2 Re1+) 26... Rxe2 27. Rg1 Re1 28. Qc8+ Kg7 29. Qf8+ Kxf8 30. Rxe1 Qxe1#) 26. Qg3 {Black is clearly winning.} a5 27. h4 Re3 28. Qb8+ Kg7 {Precision: White = 11%, Black = 57%.} 0-1

[Event "Hasselbacken Open 2018"]
[Site "Stockholm"]
[Date "2018.11.02"]
[Round "1"]
[White "Kallstrom, Michael"]
[Black "Brynell, Stellan"]
[Result "0-1"]
[WhiteElo "1926"]
[BlackElo "2398"]
[Annotator "NA"]
[PlyCount "59"]
[EventDate "2018.11.02"]
[EventCountry "SWE"]
[SourceTitle "playchess.com"]
[Source "ChessBase"]
[SourceQuality "1"]
[TimeControl "900+5"]

1. e4 {[%emt 0:00:03]} e6 {[%emt 0:00:00]} 2. d4 {[%emt 0:00:04]} d5 {[%emt 0:00:00]} 3. Nd2 {[%emt 0:00:04]} c5 {[%emt 0:00:02]} 4. Ngf3 {[%emt 0:00:08]} a6 {[%emt 0:00:07]} 5. exd5 {[%emt 0:00:28]} exd5 {[%emt 0:00:03]} 6. c3 {[%emt 0:00:33]} Nf6 {[%emt 0:00:11]} 7. dxc5 {[%emt 0:01:18]} Bxc5 {[%emt 0:00:02]} 8. Nb3 {[%emt 0:00:07]} Bb6 {[%emt 0:00:03]} 9. Bg5 {[%emt 0:01:06]} Bxf2+ {[%emt 0:00:49]} 10. Kxf2 {[%emt 0:00:57]} Ne4+ {[%emt 0:00:02]} 11. Kg1 {[%emt 0:02:20]} Nxg5 {[%emt 0:00:02]} 12. Qe1+ {[%emt 0:01:38]} Be6 {[%emt 0:00:51]} 13. Nfd4 {[%emt 0:00:53]} O-O {[%emt 0:00:31]} 14. h4 {[%emt 0:01:23]} Ne4 {[%emt 0:00:07]} 15. Bd3 {[%emt 0:00:03]} Nc6 {[%emt 0:02:24]} 16. Nxe6 {[%emt 0:00:40]} fxe6 {[%emt 0:00:04]} 17. Bxe4 {[%emt 0:00:14]} dxe4 {[%emt 0:00:04]} 18. Qxe4 {[%emt 0:02:26]} e5 {[%emt 0:00:03]} 19. Qe2 {[%emt 0:01:11]} Qb6+ {[%emt 0:00:44]} 20. Kh2 {[%emt 0:00:02]} Rf4 {[%emt 0:00:09]} 21. Kh3 {[%emt 0:00:37]} Raf8 {[%emt 0:02:59]} 22. Rhf1 {[%emt 0:00:13]} Qd8 {[%emt 0:02:08]} 23. Rxf4 {[%emt 0:00:04]} Rxf4 {[%emt 0:00:24]} 24. g3 {[%emt 0:00:06]} Qd7+ {[%emt 0:00:06]} 25. Kh2 {[%emt 0:00:08]} Rf8 {[%emt 0:01:01]} 26. Rf1 {[%emt 0:00:04]} Qd5 {[%emt 0:00:32]} 27. Rxf8+ {[%emt 0:00:10]} Kxf8 {[%emt 0:00:01]} 28. Qf2+ {[%emt 0:00:05]} Kg8 {[%emt 0:00:38]} 29. Nc5 {[%emt 0:00:11]} e4 {[%emt 0:00:19]} 30. Nxb7 {[%emt 0:00:14]} 0-1

[Event "Hasselbacken Open 2018"]
[Site "Stockholm"]
[Date "2018.11.02"]
[Round "1"]
[White "Frisk, Hans"]
[Black "Seo, Jung Min"]
[Result "0-1"]
[WhiteElo "1924"]
[BlackElo "2369"]
[Annotator "NA"]
[PlyCount "82"]
[EventDate "2018.11.02"]
[EventCountry "SWE"]
[SourceTitle "playchess.com"]
[Source "ChessBase"]
[SourceQuality "1"]
[TimeControl "900+5"]

1. Nf3 {[%emt 0:00:00]} Nf6 {[%emt 0:00:00]} 2. c4 {[%emt 0:00:14]} b6 {[%emt 0:00:01]} 3. g3 {[%emt 0:00:15]} Bb7 {[%emt 0:00:08]} 4. Bg2 {[%emt 0:00:03]} g6 {[%emt 0:00:02]} 5. b3 {[%emt 0:00:22]} Bg7 {[%emt 0:00:02]} 6. Bb2 {[%emt 0:00:01]} c5 {[%emt 0:00:39]} 7. O-O {[%emt 0:00:14]} O-O {[%emt 0:00:02]} 8. e3 {[%emt 0:00:55]} d6 {[%emt 0:00:18]} 9. d4 {[%emt 0:01:00]} Nbd7 {[%emt 0:00:05]} 10. Nc3 {[%emt 0:00:47]} Rc8 {[%emt 0:00:11] A30: Symmetrical English: Double Fianchetto and Hedgehog} (10... Ne4 11. Rc1 Nxc3 12. Bxc3 Be4 13. Qe2 a6 14. Rfd1 Qb8 15. Bh3 Bxf3 16. Qxf3 Rd8 17. Bg2 Ra7 18. h4 b5 {½-½ (39) Karjakin,S (2763)-Dubov,D (2701) Moscow 2018}) 11. Qd2 $146 {[%emt 0:01:14]} ({Predecessor:} 11. d5 Re8 12. a4 Nf8 13. h3 Ra8 14. Re1 Bc8 15. Nh2 Bd7 16. e4 h5 17. f4 Qc8 18. h4 {1-0 (32) Lonyuk,B (1017)-Raines,D (1090) LSS email 2010}) 11... Qc7 {[%emt 0:00:17]} 12. Rac1 {[%emt 0:00:48]} Qb8 {[%emt 0:00:05]} 13. Rfd1 {[%emt 0:00:33]} Rfd8 {[%emt 0:00:04]} 14. d5 {[%emt 0:00:56]} a6 {[%emt 0:00:11]} 15. a4 {[%emt 0:00:02]} Nf8 {[%emt 0:00:17]} 16. e4 {[%emt 0:00:20]} e6 {[%emt 0:00:22]} 17. Re1 {[%emt 0:00:31]} Re8 {[%emt 0:00:13]} 18. Rcd1 {[%emt 0:00:17]} Rcd8 {[%emt 0:00:02]} 19. Bh3 $11 {[%emt 0:01:15]} Bc8 {[%emt 0:00:33]} 20. Nh4 {[%emt 0:01:34]} exd5 {[%emt 0:00:16]} 21. Bxc8 {[%emt 0:00:08]} Qxc8 {[%emt 0:00:16]} 22. exd5 {[%emt 0:00:12]} Qh3 {[%emt 0:00:20]} 23. f3 {[%emt 0:00:23]} N8d7 {[%emt 0:01:18]} 24. Rxe8+ {[%emt 0:00:42]} Rxe8 {[%emt 0:00:01]} 25. Re1 {[%emt 0:00:38]} Rxe1+ {[%emt 0:00:01]} 26. Qxe1 {[%emt 0:00:02]} Ne5 {[%emt 0:00:07]} 27. Ne4 {[%emt 0:00:31]} Nxe4 {[%emt 0:01:09]} 28. Qxe4 {[%emt 0:00:43]} Nxf3+ {[%emt 0:00:26]} 29. Nxf3 {[%emt 0:00:01]} Bxb2 {[%emt 0:00:02]} 30. Qe8+ {[%emt 0:00:05]} Kg7 {[%emt 0:00:00]} 31. Qxf7+ {[%emt 0:00:08]} Kxf7 {[%emt 0:00:04]} 32. Ng5+ {[%emt 0:00:02]} Kf6 {[%emt 0:00:13]} 33. Nxh3 {[%emt 0:00:01]} Kf5 {[%emt 0:00:53]} 34. Kf1 {[%emt 0:00:19]} g5 {[%emt 0:00:31]} 35. Nf2 {[%emt 0:00:16]} Bd4 {[%emt 0:00:06]} 36. h3 {[%emt 0:01:14]} Bxf2 {[%emt 0:00:49]} 37. Kxf2 {[%emt 0:00:02]} Ke4 {[%emt 0:00:01]} 38. Ke2 {[%emt 0:00:01]} h5 {[%emt 0:00:08]} 39. h4 {[%emt 0:00:57]} g4 {[%emt 0:00:15]} 40. Kf2 {[%emt 0:00:05]} Kd3 {[%emt 0:00:07]} 41. Ke1 {[%emt 0:00:14]} Ke3 {[%emt 0:00:12]} 0-1